Ultrasonic: Data,Equations and their Practical Uses (Record no. 8325)

MARC details
000 -LEADER
fixed length control field 00562nam a22001937a 4500
003 - CONTROL NUMBER IDENTIFIER
control field OSt
005 - DATE AND TIME OF LATEST TRANSACTION
control field 20240502170434.0
008 - FIXED-LENGTH DATA ELEMENTS--GENERAL INFORMATION
fixed length control field 240502b |||||||| |||| 00| 0 eng d
020 ## - INTERNATIONAL STANDARD BOOK NUMBER
International Standard Book Number 9780824758301
040 ## - CATALOGING SOURCE
Transcribing agency DDC
082 ## - DEWEY DECIMAL CLASSIFICATION NUMBER
Classification number 534.55 ULT 2009
100 ## - MAIN ENTRY--PERSONAL NAME
Relator code Edited by Stulen Foster B. and Ensminger Dale.
245 ## - TITLE STATEMENT
Title Ultrasonic: Data,Equations and their Practical Uses
260 ## - PUBLICATION, DISTRIBUTION, ETC. (IMPRINT)
Place of publication, distribution, etc. New York,
Name of publisher, distributor, etc. Taylor & Francis,
Date of publication, distribution, etc. 2009.
300 ## - PHYSICAL DESCRIPTION
Extent xi;495p
Other physical details ill,
Dimensions 24.2cm.
504 ## - BIBLIOGRAPHY, ETC. NOTE
Bibliography, etc References,Index.
650 ## - SUBJECT ADDED ENTRY--TOPICAL TERM
Source of heading or term Ultrasonic,
Topical term or geographic name as entry element Physics.
9 (RLIN) 809
942 ## - ADDED ENTRY ELEMENTS (KOHA)
Source of classification or shelving scheme Dewey Decimal Classification
Koha item type Open Shelf
Holdings
Withdrawn status Lost status Source of classification or shelving scheme Damaged status Not for loan Home library Current library Inventory number Total Checkouts Full call number Barcode Date last seen Koha item type
    Other/Generic Classification Scheme     MUST Main Library MUST Main Library 11/35176   534.55 ULT 2009 2024-0182 02/05/2024 Open Shelf